Instant secretary's handbook : The Essential guide and resources for today's Prefecsional
| Main Author: | |
|---|---|
| Format: | Book |
| Published: |
New Youk :
Dell Publishing ,
1988
|
| Subjects: |
MARC
| LEADER | 00000cam a2200000 7i4500 | ||
|---|---|---|---|
| 001 | 0000004804 | ||
| 002 | 000005179 | ||
| 005 | 20090518.0 | ||
| 020 | |a 0440200644 | ||
| 090 | 0 | 0 | |a 651.3741 |b LUC |
| 100 | 1 | |a Luck, Martha S | |
| 245 | 1 | 0 | |a Instant secretary's handbook : |b The Essential guide and resources for today's Prefecsional |
| 260 | |a New Youk : |b Dell Publishing , |c 1988 | ||
| 300 | |a 315p. ; |c 20cm. | ||
| 650 | 0 | 0 | |a Scretarialship |x Handbooks, manuals, etc |
| 999 | |a 035458 |b BUKU |c PINJAMAN |e PERPUSTAKAAN KOMUNITI PETALING JAYA | ||